书目信息 |
| 题名: |
光辉的三十五年
|
|
| 作者: | ;河北省统计局 编 | |
| 分册: | 1949-1983 | |
| 出版信息: | 河北 中国统计出版社 1984 |
|
| 页数: | 175页 | |
| 开本: | 21cm | |
| 丛书名: | ||
| 单 册: | ||
| 中图分类: | C832 | |
| 科图分类: | ||
| 主题词: | 统计资料--tong ji zi liao--中国--1949~1983 | |
| 电子资源: | ||
| ISBN: | 4006.039 | |
| 000 | 00802nam0 2200253 450 | |
| 000 | 00765nam0 2200241 450 | |
| 000 | 00819nam0 2200241 45 | |
| 001 | 0184014176 | |
| 005 | 20150323081106.40 | |
| 010 | @a4006.039@b精装@dCNY41.00 | |
| 100 | @a19950706d1984 em y0chiy0121 ea | |
| 101 | 0 | @achi |
| 102 | @aCN@b110000 | |
| 105 | @ay i 000yy | |
| 106 | @ar | |
| 200 | 10 | @a光辉的三十五年@Aguang hui de san shi wu nian@e国民经济和社会发展的成就@h1949-1983@f河北省统计局编 |
| 210 | @a河北@c中国统计出版社@d1984 | |
| 215 | @a175页@d21cm | |
| 606 | @a统计资料@Atong ji zi liao@y中国@z1949~1983 | |
| 690 | @aC832@v4 | |
| 711 | 02 | @a河北省统计局@Ahe bei sheng tong ji ju@4编 |
| 801 | 0 | @aCN@b上海图书馆 |
| 905 | @b0847815@dC832@e111@f1 | |
| 光辉的三十五年:国民经济和社会发展的成就.1949-1983/河北省统计局编.-河北:中国统计出版社,1984 |
| 175页;21cm |
| ISBN 4006.039(精装):CNY41.00 |
| ● |
| 相关链接 |
|
|
|
|
正题名:光辉的三十五年
索取号:C832/111
 
预约/预借
| 序号 | 登录号 | 条形码 | 馆藏地/架位号 | 状态 | 备注 |
| 1 | 0847815 | 208478155 | 地方文献典藏中心/ [索取号:C832/111] | 在馆 |